| 000 | 02804nam0a2200385 4500 | ||
|---|---|---|---|
| 001 | RU\NLR\BIBL_A\012808677 | ||
| 005 | 20220810093554.0 | ||
| 010 |
_a978-5-9922-3395-7 _92000 |
||
| 021 |
_aRU _bКН-П-22-012916 _9КН-П-22-1101 |
||
| 035 | _a(NLR Aleph) 012808677 | ||
| 035 | _a(RuMoRGB)010997452 | ||
| 090 |
_a13206263 _c13206263 |
||
| 100 | _a20220603d2022 u y0rusy50 ca | ||
| 101 | 0 | _arus | |
| 102 | _aRU | ||
| 105 | _aa|||z|||000ay | ||
| 181 | 0 |
_ai3 _baxxe |
|
| 182 | 0 | _an | |
| 200 | 1 |
_aТайны Иллирии _iПаук в янтаре _eроман _fАнастасия Волжская, Валерия Яблонцева _gхудожник В. Успенская |
|
| 203 |
_aТекст _bвизуальный _cнепосредственный |
||
| 210 |
_aМосква _cАРМАДА _cАльфа-книга _d2022 |
||
| 215 |
_a281, [1] с. _cил. _d21 |
||
| 225 | 1 |
_aРомантическая фантастика _vвып. 687 |
|
| 225 | 1 | _aФэнтези. Любовный роман. Детектив | |
| 330 | _aВчера - леди, наследница древнего рода, сегодня - заключенная без права голоса. В прошлом остались роскошные балы, просторные покои, красивые платья и усыпанные кристаллами украшения. Осужденная за применение ментальной магии, я вынуждена работать на благо Короны в тюремных застенках, почти смирившись с тем, что свобода так и останется для меня недостижимой мечтой. Но прошлое, давно забытое, вдруг подняло голову над мутной водой каналов, всколыхнувшейся, когда новый главный дознаватель нарушил размеренное течение моей новой жизни. Поймем ли мы, кто плетет смертельную паутину в тени роскошных дворцов моего родного города? И чего будет стоить помощь человека, чьи потаенные чувства не может прочесть даже опытный менталист? | ||
| 333 | _a16+ | ||
| 686 | 2 | _aШ6(2=Р)8-445 | |
| 700 | 1 |
_aВолжская _bА. _gАнастасия |
|
| 701 | 1 |
_aЯблонцева _bВ. _gВалерия |
|
| 702 | 1 |
_aУспенская _bВ. Ю. _cхудожник _f1964- _gВера Юрьевна _3RU\NLR\AUTH\7754853 _4040 |
|
| 942 | _cBOOK | ||
| 980 | _aNB | ||